000 00533nam a22001937a 4500
003 CEME
005 20210628203322.0
008 210126b xxu||||| |||| 00| 0 eng d
020 _a9788184890037
040 _c.
082 _a330.0151 SYD
100 _aSydsaeter, Knut, Strom, Arne, Berck, Peter
_964686
245 _aEconomists mathematical manual
250 _a4TH
260 _aINDIA
_bSPRINGER
_c1999
300 _aXII,225P
650 _aECONOMICS- MATHEMATICS. MATHEMATICAL MANUAL-ECONOMISTS.
_964687
942 _cBK
_2ddc
999 _c573108
_d573108